Turismo de aventura: acción sin dañar al planeta
Gardado en:
| Autor Principal: | |
|---|---|
| Formato: | Libro |
| Idioma: | Lingua castelá |
| Publicado: |
Cuernavaca
Trillas
2012
|
| Edición: | 1a. ed |
| Subjects: | |
| Tags: |
Engadir etiqueta
Sen Etiquetas, Sexa o primeiro en etiquetar este rexistro!
|
MARC
| LEADER | 00000cam a2200000 a 4500 | ||
|---|---|---|---|
| 001 | UCE0250 | ||
| 003 | CL-VaPUC | ||
| 008 | 140109e20120400mx |||||||||||||||||spa|d | ||
| 020 | |a 9786071711588 | ||
| 082 | 0 | 4 | |a 338.4791 |b GRA |2 21 |
| 100 | 0 | |a Gray, William |e author |9 572616 | |
| 245 | 1 | 0 | |a Turismo de aventura: acción sin dañar al planeta |
| 250 | |a 1a. ed | ||
| 300 | |a 255 p | ||
| 942 | |c BK | ||
| 945 | |d 20140109 11:50:00 |a dcastane | ||
| 260 | |a Cuernavaca |b Trillas |c 2012 | ||
| 650 | 0 | |a Zonas rurales |9 317366 | |
| 650 | 0 | |a Turismo |9 308920 | |
| 650 | 0 | |a Ecoturismo |9 427332 | |
| 650 | 0 | |a Empresas turísticas |9 472420 | |
| 583 | |a last modification |c 20170808 01:02:56 |k Rodrigo Vera | ||
| 999 | |c 354452 |d 354450 | ||
| 952 | |0 0 |1 0 |3 erb |4 0 |6 338_479100000000000_GRA_2012 |7 0 |8 A |9 460330 |a BIBING |b BIBING |i 5045649 |o 338.4791 GRA 2012 |p 5045649 |r 2025-01-20 |w 2019-11-23 |y BK |z Catalogado en:20140109 |k GEO | ||
| 952 | |0 0 |1 0 |3 erb |4 0 |6 338_479100000000000_GRA_2012 |7 0 |8 A |9 460331 |a BIBING |b BIBING |i 5069041 |o 338.4791 GRA 2012 |p 5069041 |r 2025-01-20 |w 2019-11-23 |y BK |k GEO | ||